000 01318cam a2200349 a 4500
001 17163218
003 ARRUPE
005 20160421123547.0
008 120213s2012 inua b 001 0 eng c
010 _a 2012005731
020 _a9780253357090 (cloth : alk. paper)
020 _a9780253223685 (pbk. : alk. paper)
020 _a9780253005328 (eb)
040 _aIEN/DLC
_cIEN
_dDLC
042 _apcc
043 _af------
050 0 0 _aRA545
_b.M47 2012
082 0 4 _a362.1096
_223
245 0 0 _aMedicine, mobility, and power in global Africa :
_btransnational health and healing /
_cedited by Hansjörg Dilger, Abdoulaye Kane, and Stacey A. Langwick.
260 _aBloomington ;
_aIndianapolis :
_bIndiana University Press,
_cc2012.
300 _avi, 348 p. :
_bill. ;
_c24 cm.
504 _aIncludes bibliographical references and index.
650 0 _aMedical care
_zAfrica.
_924004
650 0 _aHealth services accessibility
_zAfrica.
_924005
650 0 _aTraditional medicine
_zAfrica.
_924006
700 1 _aDilger, Hansjörg.
_924007
700 1 _aKane, Abdoulaye.
_924008
700 1 _aLangwick, Stacey Ann.
_920075
906 _a7
_bcbc
_corignew
_d1
_eecip
_f20
_gy-gencatlg
942 _2lcc
_cMONOGRAPH
999 _c124673
_d124673